000
00247nam a2200097Ia 4500
005
20251222114404.0
008
251222s1900||||xx |||||||||||||| ||spa||
082
_a
DVD0070/M93/2005
245
0
_a
Matar a un ruiseƱor:To Kill a Mockingbird
942
_c
DVD
999
_c
1780
_d
1780